| 000 | 00437nam a2200181Ia 4500 | ||
|---|---|---|---|
| 003 | GCL | ||
| 008 | 140319s9999 xx 000 0 eng d | ||
| 040 |
_aGCL / _cGCL |
||
| 082 | 0 | 4 |
_a730.92 _bM M |
| 100 | 1 | _aMURRAY,LINDA | |
| 245 | 1 | 0 |
_aMICHELANGELO / _cMURRAY,LINDA |
| 260 |
_a[S.N] : _bTHAMES AND HUDSON ، _c1992 |
||
| 300 | _a216P | ||
| 650 | 0 | 4 | _aARCHITECTS |
| 650 | 0 | 4 | _aSCULPTOR |
| 650 | 0 | 4 | _aANGELO, MICHEL |
| 942 |
_2ddc _cBK |
||
| 999 |
_c11125 _d11125 |
||